000
00213nam a22000857a 4500
008
160831b xxu||||| |||| 00| 0 eng d
100
_9
271
_a
BPI India
245
_a
Cinderella
260
_a
New Delhi
_b
BPI publication
_c
2011
999
_c
2929
_d
2929